000 00407nam a22001457a 4500
005 20180123150650.0
008 180123b xxu||||| |||| 00| 0 eng d
020 _a978-93-85292-12-5
041 _aeng
100 _aKARN, DR BHASKAR AND KARN, SANJAY KUMAR
_94017
245 _aJILACON 17
_bDR BHASKAR KARN, AND SANJAY KUMAR KARN
260 _aRANCHI
_bLORDS PUBLISHING HOUSE
300 _a400p.
942 _cBK
999 _c5677
_d5675